| 000 | 00795 a2200217 4500 | ||
|---|---|---|---|
| 003 | Nust | ||
| 005 | 20170207153446.0 | ||
| 010 | _a 73157667 | ||
| 020 |
_a0491008821 _a0491008724 (pbk.) |
||
| 040 | _cNust | ||
| 082 | 0 | 0 | _a004 |
| 100 | 1 | _aMaynard, Jeff. | |
| 245 | 1 | 0 |
_aComputer programming made simple, _c[by] J. Maynard. |
| 260 |
_aLondon, _bW. H. Allen, _c1972. |
||
| 300 |
_axix, 300, [8] p. _billus. _c22 cm. |
||
| 490 | 0 | _aMade simple books | |
| 505 | _aIntroduction To Computer Systems (Page-1),Cobol Programming Language (Page-63),Fortran Programming Language (Page-213),Basic Programming Language (Page-267),The Microprocessor Explained (Page-301). | ||
| 650 | 0 | _aCOBOL (Computer program language) | |
| 650 | 0 | _aComputer programming. | |
| 650 | 0 | _aFORTRAN (Computer program language) | |
| 942 |
_2ddc _cBK |
||
| 999 |
_c186648 _d186648 |
||